| 000 | 00786nam a22002537a 4500 | ||
|---|---|---|---|
| 005 | 20170124105924.0 | ||
| 010 | _aA-896371 | ||
| 020 |
_c00.00 _a8175410280 |
||
| 035 | _aA-896371 | ||
| 037 | _bCen Lib/Ret | ||
| 040 |
_aDPL _bEN |
||
| 082 |
_a320.954 _bBHA |
||
| 100 |
_aBhambhri,C.P. _95649 |
||
| 245 |
_aThe Indian state 1947-98 (50 years) / _cby C.P. Bhambhri |
||
| 260 |
_aDelhi _bShipra publications _c1997 |
||
| 270 |
_a115A,Vikas marg Shakarpur _bDelhi _e110092 |
||
| 300 |
_a368p. _c20cm(Hb) |
||
| 500 | _aIncludes index | ||
| 650 |
_aPolitical science _962634 |
||
| 650 |
_aGlobalization _95651 |
||
| 650 |
_aराजनीति विज्ञान _962635 |
||
| 650 |
_a भूमंडलीकरण _962636 |
||
| 942 |
_2ddc _cEN _h320.954 _mBHA |
||
| 999 |
_c123368 _d123368 |
||